Catalog

Record Details

Catalog Search



God wants you to learn, labour, and love  Cover Image Book Book

God wants you to learn, labour, and love / by Thomas Schirrmacher

Record details

  • ISBN: 3-928936-17-4
  • Physical Description: 62 S.
  • Publisher: Hamburg Reformatorische Verlag Beese 1999

Available copies

  • 1 of 1 copy available at Common Catalog SPOK.

Holds

  • 0 current holds with 1 total copy.
Show Only Available Copies
Location Call Number / Copy Notes Barcode Shelving Location Status Due Date
ETS Library 261.8 424470005512 Volný výběr Available -

LDR 00674nam a2 00241
00135989
003CZ-PrJAB
00520031105000000.0
008031015s1999 xr e |||| |ger
009ge
020 . ‡a3-928936-17-4
035 . ‡a(CONS)3229
035 . ‡aKPS11898
040 . ‡aABG450
041 . ‡ager
08214. ‡a261.8
100 . ‡73025 ‡aSchirrmacher, Thomas
245 . ‡aGod wants you to learn, labour, and love / ‡cby Thomas Schirrmacher
260 . ‡aHamburg ‡bReformatorische Verlag Beese ‡c1999
300 . ‡a62 S.
653 . ‡aGod wants you to learn, labour, and love
8524 . ‡bETS ‡bETS ‡cVolný výběr ‡j261.8 ‡gA ‡p424470005512
910 . ‡aABG450
999 . ‡a3229 ‡bAUTOGEN ‡c3229 ‡tbiblio
905 . ‡uadmin
901 . ‡a35989 ‡b ‡c35989 ‡tbiblio ‡sets

Additional Resources